Spon's landscape and external works price book 2005 (Record no. 103776)
[ view plain ]
| 000 -LEADER | |
|---|---|
| fixed length control field | 01376cam a2200325 4500 |
| 001 - CONTROL NUMBER | |
| control field | L127411 |
| 008 - FIXED-LENGTH DATA ELEMENTS--GENERAL INFORMATION | |
| fixed length control field | 040915n2005 000 0 eng u |
| 020 ## - INTERNATIONAL STANDARD BOOK NUMBER | |
| International Standard Book Number | 0415348447 |
| 022 ## - INTERNATIONAL STANDARD SERIAL NUMBER | |
| International Standard Serial Number | 0267-4181 |
| 035 ## - SYSTEM CONTROL NUMBER | |
| System control number | (Sirsi) u127411 |
| 041 ## - LANGUAGE CODE | |
| Language code of text/sound track or separate title | eng |
| 050 ## - LIBRARY OF CONGRESS CALL NUMBER | |
| Classification number | 712.3 |
| -- | 18 |
| 245 ## - TITLE STATEMENT | |
| Title | Spon's landscape and external works price book 2005 |
| 250 ## - EDITION STATEMENT | |
| Edition statement | 24th ed. |
| 260 ## - PUBLICATION, DISTRIBUTION, ETC. | |
| Place of publication, distribution, etc. | Abingdon |
| Name of publisher, distributor, etc. | Spon Press |
| Date of publication, distribution, etc. | 2005 |
| 300 ## - PHYSICAL DESCRIPTION | |
| Extent | xxvi, 389p. |
| Dimensions | 26cm. |
| 350 ## - PRICE (NR) (BK AM CF MU VM SE) [OBSOLETE] | |
| Price | 90.00 |
| 520 ## - SUMMARY, ETC. | |
| Summary, etc. | The latest edition of this standard price book provides a comprehensive source of information for detailed landscape and external works costs, covering all the items to be found in hard and soft landscape contracts. Contents include: cost information; preliminaries; landscape consultant's appointment; fees for professional services; the Aggregates Tax; prices for measured works; approximate estimates; and tables and memoranda. |
| 520 ## - SUMMARY, ETC. | |
| Summary, etc. | Superseded by twenty sixth edition (ISBN0415393841) |
| 520 ## - SUMMARY, ETC. | |
| Summary, etc. | CD-Rom version (L145083) for reference in the library |
| 650 ## - SUBJECT ADDED ENTRY--TOPICAL TERM | |
| Topical term or geographic name entry element | BUILDING PRICE BOOKS |
| 650 ## - SUBJECT ADDED ENTRY--TOPICAL TERM | |
| Topical term or geographic name entry element | EXTERNAL WORKS |
| 650 ## - SUBJECT ADDED ENTRY--TOPICAL TERM | |
| Topical term or geographic name entry element | LANDSCAPING |
| 650 ## - SUBJECT ADDED ENTRY--TOPICAL TERM | |
| Topical term or geographic name entry element | BUILT ENVIRONMENT-BUILDING COSTS |
| 690 ## - LOCAL SUBJECT ADDED ENTRY--TOPICAL TERM (OCLC, RLIN) | |
| Topical term or geographic name as entry element | BUILT ENVIRONMENT-BUILDING COSTS |
| 710 ## - ADDED ENTRY--CORPORATE NAME | |
| Corporate name or jurisdiction name as entry element | Davis Langdon |
| International Standard Serial Number | Editor |
| 9 (RLIN) | 4649 |
| 710 ## - ADDED ENTRY--CORPORATE NAME | |
| Corporate name or jurisdiction name as entry element | LandPro Ltd Landscape Chartered Surveyors |
| 9 (RLIN) | 4654 |
| 942 ## - ADDED ENTRY ELEMENTS (KOHA) | |
| Suppress in OPAC | 0 |
| Withdrawn status | Lost status | Source of classification or shelving scheme | Damaged status | Not for loan | Home library | Current library | Shelving location | Date acquired | Cost, normal purchase price | Total Checkouts | Full call number | Barcode | Date last seen | Copy number | Cost, replacement price | Price effective from | Koha item type |
|---|---|---|---|---|---|---|---|---|---|---|---|---|---|---|---|---|---|
| Dewey Decimal Classification | London | London | Basement | 20/10/2004 | 72.67 | BASEMENT | 30069600 | 06/08/2019 | 1 | 72.67 | 06/08/2019 | Reference material |